Spracovanie obrazu

Uložené v:
Podrobná bibliografia
Hlavný autor: Božík, Peter, 1987- (Autor)
Ďalší autori: Makula, Matej, 1977- (Vedúci práce)
Médium: Rukopis Kniha
Jazyk:Slovak
Vydavateľské údaje: STU v Bratislave FIIT, 2009
Predmet:
Tagy: Pridať tag
Žiadne tagy, Buďte prvý, kto otaguje tento záznam!

MARC

LEADER 00000ntm a22000003a 4500
001 stu191770
005 20180216163547.0
008 091007s2009----xo------------------slo-d
040 |a STU  |b slo 
041 0 |a slo 
044 |a xo 
100 1 |a Božík, Peter,  |d 1987-  |4 aut  |u I300  |U FIIT Fakulta informatiky a informačných technológií  |T FIIT Ústav aplikovanej informatiky  |X 36227  |U I300  |Y 180  |7 A000036227 
245 1 |a Spracovanie obrazu 
260 |b STU v Bratislave FIIT,  |c 2009 
300 |a 30 s  |c príl. 
650 7 |a informatika  |2 stusub 
700 1 |a Makula, Matej,  |d 1977-  |4 ths  |u I300  |U FIIT Fakulta informatiky a informačných technológií  |T FIIT Ústav aplikovanej informatiky  |X 2508  |U I300  |Y 180  |7 2508 
996 |c I*BAP19/09  |l II680  |s P  |a 0  |w stu191770_0001